000 01137nam a2200289Ia 4500
001 ebr10067546
003 CaPaEBR
006 m u
007 cr cn|||||||||
008 990811s1999 enka sb 001 0 eng d
020 _z0333760093
040 _aCaPaEBR
_cCaPaEBR
035 _a(OCoLC)646723419
050 1 4 _aHF5415.1265
_b.R68 1999eb
100 1 _aRowan, Wingham.
245 1 0 _aNet benefit
_h[electronic resource] :
_bguaranteed electronic markets : the ultimate potential of online trade /
_cWingham Rowan.
260 _aLondon :
_bPalgrave,
_c1999.
300 _axiv, 240 p. :
_bill.
504 _aIncludes bibliographical references and index.
533 _aElectronic reproduction.
_bPalo Alto, Calif. :
_cebrary,
_d2009.
_nAvailable via World Wide Web.
_nAccess may be limited to ebrary affiliated libraries.
650 0 _aInternet marketing.
650 0 _aTelemarketing.
650 0 _aElectronic commerce.
655 7 _aElectronic books.
_2local
710 2 _aebrary, Inc.
856 4 0 _uhttp://site.ebrary.com/lib/rucke/Doc?id=10067546
_zAn electronic book accessible through the World Wide Web; click to view
999 _c49208
_d49208